01014nam a22002771a 4500999001700000001001000017003000900027005001700036008004100053020002500094020002200119040004100141082001900182245009400201264006600295300004200361336002600403337002800429338002700457650003300484653002100517655002400538700003300562942001200595952012900607 c28665d28636013502164EG-ScBUE20200906142457.0110325s2006 nyua f 000 0 eng d a9780194305433 (pbk.) a0194305430 (pbk.) aStDuBDSbengerdacStDuBDSdEG-ScBUE04a428.6bPAN22210aPanorama 1 :bbuilding perspective through reading /cKathleen F. Flynn [and four others] 1aNew York, NY ;aOxford, UK :bOxford University Press,c2006. ax, 86 pages :billustrations ;c28 cm atext2rdacontentbtxt aunmediated2rdamediabn avolume2rdacarrierbnc 7aContent area reading.2BUEsh bGGENcAugust2020 vReading book9342321 aFlynn, Kathleen F.,eauthor. 2ddccBB 00102ddc40708BaccahaMAINbMAINc2NDd2020-09-06ePurchasel0o428.6 PANp000049560r2025-07-15 00:00:00w2020-09-06yBB